「いっぽんでもニンジン」の歌詞 - Statistics

General Stats
  • This quiz has been taken 26 times
  • The average score is 13 of 20
Answer Stats
Answer % Correct
いっぽん
100%
ニンジン
100%
にそく
85%
サンダル
85%
さんそう
85%
ヨット
85%
ろくわ
69%
シチメンチョウ
69%
ゴマシオ
62%
しちひき
62%
ハチ
62%
よつぶ
58%
ロケット
58%
じゅっこ
58%
ジュース
54%
きゅうはい
50%
イチゴ
50%
はっとう
46%
クジラ
46%
ごだい
42%
No matching quizzes found
Score Distribution
Percent of People with Each Score
Percentile by Number Answered
Your Score History
You have not taken this quiz